000 00266nam a2200109Ia 4500
008 260210s9999 xx 000 0 und d
020 _a9781604270686
100 _aVassigh
245 0 _aBest Practices In Sustainable Building Design
260 _bJ.Ross
942 _cPG
999 _c14010
_d14010